| 000 | 00000cam 2200000zi 4500 |
| 001 | 9.558119 |
| 003 | CaOODSP |
| 005 | 20210624172227 |
| 007 | cr ||||||||||| |
| 008 | 150406s2002||||xxc|||||o f|0| 0 eng d |
| 020 | |a0-662-32013-1 |
| 040 | |aCaOODSP|beng |
| 043 | |an-cn--- |
| 086 | 1 |aMP32-28/01-1-8E-PDF|zMP32-28/01-1-8E-IN |
| 100 | 1 |aAdams, Gerald R.,|d1946- |eauthor. |
| 245 | 12|aA longitudinal analysis of family relationships and children's school achievement in one- and two-parent families / |cby Gerald R. Adams and Bruce A. Ryan. |
| 260 | |aHull, Quebec : |bHuman Resources Development Canada, |c2002. |
| 300 | |a1 online resource (42 pages) : |bfigures, tables. |
| 490 | 1 |aWorking paper ; |vW-01-1-8E |
| 500 | |a"June 2000"--Page 1. |
| 504 | |aIncludes bibliographical references. |
| 546 | |aRésumé en français. |
| 590 | |a12-16-Supp|b2012-04-17 |
| 690 | 07|aEducation indicators|2gcpds |
| 690 | 07|aFamily|2gcpds |
| 710 | 1 |aCanada.|bHuman Resources Development Canada. |bApplied Research Branch, |eissuing body. |
| 830 | #0|aWorking paper ;|vW-01-1-8E|w(CaOODSP)9.504477 |
| 856 | 40|ahttp://publications.gc.ca|qPDF|s132 KB|uhttps://publications.gc.ca/collections/collection_2012/rhdcc-hrsdc/MP32-28-01-1-8-eng.pdf|yW-01-1-8E |